Statistics for Biggest cities in world by population with AB and C in there name

Click here to take the quiz!

General Stats

  • This quiz has been taken 8 times
  • The average score is 1 of 7

Answer Stats

PopulationAnswer% Correct
2.9millCasablanca
57%
1.6millBarcelona
57%
1.8millBucharest
14%
1.7millCuritiba
14%
467000Long Beach
0%
447000Virginia Beach
0%
442000Changwat Krabi
0%

Score Distribution

Percentile by Number Answered

Percent of People with Each Score

Your Score History

You have not taken this quiz